[Event "TUR Cup"]
[Site "Denizli"]
[Date "2023.07.20"]
[Round "7"]
[White "Ozcelik, Ali Kaan"]
[Black "Eren, Alper"]
[Result "1/2-1/2"]
[WhiteElo "1938"]
[BlackElo "1738"]
[PlyCount "88"]
[EventDate "2023.07.16"]
[EventType "team-tourn"]
[EventRounds "9"]
[EventCountry "TUR"]
[SourceTitle "CBM 215 Extra"]
[Source "ChessBase"]
[SourceDate "2023.09.30"]
[SourceVersion "1"]
[SourceVersionDate "2023.09.30"]
[SourceQuality "1"]

1. d4 Nf6 2. Nf3 g6 3. c4 Bg7 4. Nc3 d6 5. e4 0-0 6. Be2 e5 7. Be3 exd4 8. Nxd4 Re8 9. Qc2 Na6 10. 0-0 Nc5 11. f3 Nh5 12. Qd2 c6 13. b4 Nd7 14. g4 Nhf6 15. h3 Qe7 16. Bg5 Qf8 17. Nc2 d5 18. exd5 cxd5 19. Nb5 a6 20. Nc7 Qd6 21. Bf4 Rxe2 22. Qxe2 Qxf4 23. Nxa8 Qb8 24. Ne3 Qxa8 25. cxd5 b5 26. Rac1 Bb7 27. Rc7 h6 28. Rd1 Bf8 29. a3 Bd6 30. Rc3 Qe8 31. Rc2 Qe5 32. Nf1 Qg5 33. Rcd2 h5 34. Rd4 hxg4 35. hxg4 Bf4 36. Qe7 Kg7 37. Kg2 Be5 38. R4d3 Qf4 39. R1d2 Qh6 40. Re2 Qf4 41. Red2 Qh6 42. Re2 Qf4 43. Red2 Bc8 44. Re2 Bb7 1/2-1/2

[Event "TUR Cup"]
[Site "Denizli"]
[Date "2023.07.18"]
[Round "4"]
[White "Eren, Alper"]
[Black "Altundal, Arda"]
[Result "0-1"]
[WhiteElo "1738"]
[BlackElo "1750"]
[PlyCount "53"]
[EventDate "2023.07.16"]
[EventType "team-tourn"]
[EventRounds "9"]
[EventCountry "TUR"]
[SourceTitle "CBM 215 Extra"]
[Source "ChessBase"]
[SourceDate "2023.09.30"]
[SourceVersion "1"]
[SourceVersionDate "2023.09.30"]
[SourceQuality "1"]

1. e4 c5 2. Nf3 d6 3. d4 cxd4 4. Qxd4 e5 5. Bb5+ Nc6 6. Qd3 Nf6 7. 0-0 Be6 8. c4 Be7 9. Nc3 0-0 10. Bg5 Nh5 11. Bxe7 Qxe7 12. Rad1 Rad8 13. Nd5 Bxd5 14. Qxd5 Nf4 15. Qd2 Ne6 16. Bxc6 bxc6 17. g3 f5 18. exf5 Rxf5 19. Nh4 Rf6 20. Qe3 Qf7 21. c5 g5 22. Ng2 Nxc5 23. Qxg5+ Kh8 24. Qh4 Rf8 25. b3 e4 26. Ne3 Nd3 27. Ng4 0-1

[Event "TUR Cup"]
[Site "Denizli"]
[Date "2023.07.16"]
[Round "1"]
[White "Tirak, Muhammed Ali"]
[Black "Eren, Alper"]
[Result "1-0"]
[WhiteElo "1465"]
[BlackElo "1738"]
[PlyCount "77"]
[EventDate "2023.07.16"]
[EventType "team-tourn"]
[EventRounds "9"]
[EventCountry "TUR"]
[SourceTitle "CBM 215 Extra"]
[Source "ChessBase"]
[SourceDate "2023.09.30"]
[SourceVersion "1"]
[SourceVersionDate "2023.09.30"]
[SourceQuality "1"]

1. Nf3 c5 2. c4 g6 3. Nc3 Bg7 4. e3 Nf6 5. d4 cxd4 6. exd4 0-0 7. Be2 d5 8. 0-0 Nc6 9. h3 Qd6 10. c5 Qc7 11. Re1 Bf5 12. Bd3 Bxd3 13. Qxd3 Rad8 14. Bg5 h6 15. Bh4 Nh5 16. Ne2 Rd7 17. g4 Nf6 18. Bg3 Qa5 19. Nc3 b6 20. Ne5 Nxe5 21. dxe5 Nh7 22. c6 Rdd8 23. c7 Rd7 24. e6 fxe6 25. Qxg6 Qc5 26. Qxe6+ Kh8 27. Qxd7 Ng5 28. Kg2 e6 29. Na4 Qc2 30. Rac1 Qd3 31. c8Q Qf3+ 32. Kh2 Rxc8 33. Rxc8+ Kh7 34. Rc7 Qf6 35. Qxg7+ Qxg7 36. Rxg7+ Kxg7 37. Kg2 Kf7 38. Be5 Ne4 39. Rxe4 1-0

[Event "TUR Cup"]
[Site "Antalya"]
[Date "2020.01.27"]
[Round "2"]
[White "Eren, Alper"]
[Black "Aydincelebi, Kagan"]
[Result "0-1"]
[WhiteElo "1846"]
[BlackElo "2249"]
[PlyCount "90"]
[EventDate "2020.01.26"]
[EventType "swiss"]
[EventRounds "11"]
[EventCountry "TUR"]
[SourceTitle "CBM 194 Extra"]
[Source "ChessBase"]
[SourceDate "2020.03.31"]
[SourceVersion "1"]
[SourceVersionDate "2020.03.31"]
[SourceQuality "1"]

1. e4 c5 2. Nc3 Nc6 3. g3 g6 4. Bg2 Bg7 5. d3 d6 6. Nge2 e5 7. 0-0 h5 8. h3 Be6 9. Nd5 Qd7 10. Kh2 Nge7 11. Bg5 Bxd5 12. exd5 Nd4 13. c3 Nxe2 14. Qxe2 0-0 15. Rae1 Rae8 16. h4 Qa4 17. b3 Qa5 18. c4 f6 19. Be3 Kh7 20. Bh3 f5 21. Qd2 Qxd2 22. Bxd2 Bh6 23. Bc3 Nc8 24. b4 Nb6 25. bxc5 Na4 26. Bb4 dxc5 27. Ba3 Bd2 28. Re2 Bc3 29. Bc1 Nb6 30. Be3 Nd7 31. Bg5 Kg7 32. Rc1 Ba5 33. Rb1 b6 34. Rbb2 Bc3 35. Rbc2 Bd4 36. Bg2 Nf6 37. Bxf6+ Kxf6 38. f4 Re7 39. Bf3 Rfe8 40. Kg2 e4 41. dxe4 fxe4 42. Bxh5 gxh5 43. a4 Kf5 44. Kh3 e3 45. Rg2 e2 0-1

[Event "TUR-chT 2nd League"]
[Site "Konya"]
[Date "2017.07.22"]
[Round "8.16"]
[White "Kabakli, Siar"]
[Black "Eren, Alper"]
[Result "0-1"]
[WhiteElo "1753"]
[BlackElo "1905"]
[PlyCount "96"]
[EventDate "2017.07.17"]
[EventType "team-swiss"]
[EventRounds "9"]
[EventCountry "TUR"]
[SourceTitle "CBM 179 Extra"]
[Source "ChessBase"]
[SourceDate "2017.08.23"]
[SourceVersion "1"]
[SourceVersionDate "2017.08.23"]
[SourceQuality "1"]
[WhiteTeam "Antalya Deniz Genclik"]
[BlackTeam "Pamukkale Yonetimi"]
[WhiteTeamCountry "TUR"]
[BlackTeamCountry "TUR"]

1. Nf3 Nf6 2. g3 b6 3. Bg2 Bb7 4. 0-0 c5 5. d3 e6 6. Nbd2 Be7 7. e4 d6 8. a4 0-0 9. h3 Nbd7 10. Qe2 Qc7 11. Ne1 d5 12. f4 dxe4 13. dxe4 e5 14. f5 c4 15. c3 Nc5 16. g4 h6 17. Nc2 Nd3 18. Na3 Nf4 19. Qxc4 Bc5+ 20. Kh2 Nxg2 21. Kxg2 Rad8 22. Re1 Rxd2+ 23. Bxd2 Nxe4 24. Rxe4 Qc6 25. Rae1 Rd8 26. Bc1 Qd7 27. Kg3 Rc8 28. Qe2 Kh7 29. Nc2 a5 30. Na3 Bxe4 31. Qxe4 Bxa3 32. bxa3 Rxc3+ 33. Be3 Qd2 34. Qh1 Rxe3+ 35. Rxe3 Qxe3+ 36. Kh2 Qf2+ 37. Qg2 Qxg2+ 38. Kxg2 f6 39. Kf3 Kg8 40. Ke4 Kf7 41. h4 Ke7 42. Kd3 Kd6 43. Kc4 Kc6 44. Kc3 Kd5 45. Kd3 e4+ 46. Kd2 Kd4 47. Ke2 e3 48. Kd1 Ke4 0-1

[Event "TUR-chT 2nd League"]
[Site "Konya"]
[Date "2017.07.20"]
[Round "5.14"]
[White "Ergun, Gurkan"]
[Black "Eren, Alper"]
[Result "1-0"]
[WhiteElo "1728"]
[BlackElo "1905"]
[PlyCount "69"]
[EventDate "2017.07.17"]
[EventType "team-swiss"]
[EventRounds "9"]
[EventCountry "TUR"]
[SourceTitle "CBM 179 Extra"]
[Source "ChessBase"]
[SourceDate "2017.08.23"]
[SourceVersion "1"]
[SourceVersionDate "2017.08.23"]
[SourceQuality "1"]
[WhiteTeam "Izmir Cesme Belediye"]
[BlackTeam "Pamukkale Yonetimi"]
[WhiteTeamCountry "TUR"]
[BlackTeamCountry "TUR"]

1. e4 c5 2. Nc3 Nc6 3. b3 g6 4. Bb2 Bg7 5. f4 d6 6. Nf3 e5 7. fxe5 dxe5 8. Bc4 Nh6 9. 0-0 0-0 10. h3 Be6 11. Bxe6 fxe6 12. d3 Nf7 13. Bc1 Nd4 14. Ne2 Qd6 15. c3 Nc6 16. Qc2 Rad8 17. Rd1 b5 18. Be3 Qe7 19. a4 a6 20. Ng3 Rd7 21. Qf2 c4 22. Bc5 Nd6 23. axb5 axb5 24. dxc4 bxc4 25. Ra6 Rc8 26. b4 Qd8 27. Qd2 Bf8 28. Rxc6 Rxc6 29. Nxe5 Rxc5 30. bxc5 Nxe4 31. Qxd7 Qxd7 32. Nxd7 Nxg3 33. Nxf8 Kxf8 34. c6 Ne2+ 35. Kh2 1-0

[Event "TUR-chT 2nd League"]
[Site "Konya"]
[Date "2017.07.18"]
[Round "3.7"]
[White "Abdulla, Khayala Mardan Qizi"]
[Black "Eren, Alper"]
[Result "0-1"]
[WhiteElo "2262"]
[BlackElo "1905"]
[PlyCount "74"]
[EventDate "2017.07.17"]
[EventType "team-swiss"]
[EventRounds "9"]
[EventCountry "TUR"]
[SourceTitle "CBM 179 Extra"]
[Source "ChessBase"]
[SourceDate "2017.08.23"]
[SourceVersion "1"]
[SourceVersionDate "2017.08.23"]
[SourceQuality "1"]
[WhiteTeam "Genc Efe Izcilik"]
[BlackTeam "Pamukkale Yonetimi"]
[WhiteTeamCountry "TUR"]
[BlackTeamCountry "TUR"]

1. e4 c5 2. Nf3 e6 3. d4 cxd4 4. Nxd4 a6 5. Bd3 Nf6 6. 0-0 Qc7 7. Qe2 d6 8. c4 Be7 9. Nc3 0-0 10. f4 Nbd7 11. Nf3 e5 12. Nd5 Nxd5 13. exd5 Bf6 14. fxe5 Nxe5 15. Nxe5 Bxe5 16. Bf4 Bxf4 17. Rxf4 Bd7 18. Raf1 Qb6+ 19. Kh1 Rae8 20. Qf3 Qe3 21. Rxf7 Qxf3 22. R7xf3 Rxf3 23. Rxf3 Re1+ 24. Rf1 Re3 25. Bb1 Re2 26. b3 b5 27. Rc1 bxc4 28. bxc4 g6 29. h3 Kg7 30. Kh2 Kf6 31. Rc2 Rxc2 32. Bxc2 Ke5 33. Bd1 Kd4 34. Be2 a5 35. Kg3 a4 36. Kf4 h6 37. h4 a3 0-1

[Event "TUR-chT 2nd League"]
[Site "Konya"]
[Date "2017.07.17"]
[Round "1.1"]
[White "Arman, Deniz"]
[Black "Eren, Alper"]
[Result "1-0"]
[WhiteElo "2273"]
[BlackElo "1905"]
[PlyCount "119"]
[EventDate "2017.07.17"]
[EventType "team-swiss"]
[EventRounds "9"]
[EventCountry "TUR"]
[SourceTitle "CBM 179 Extra"]
[Source "ChessBase"]
[SourceDate "2017.08.23"]
[SourceVersion "1"]
[SourceVersionDate "2017.08.23"]
[SourceQuality "1"]
[WhiteTeam "Istanbul Moda"]
[BlackTeam "Pamukkale Yonetimi"]
[WhiteTeamCountry "TUR"]
[BlackTeamCountry "TUR"]

1. e4 c5 2. Nf3 e6 3. d4 cxd4 4. Nxd4 a6 5. c4 Nf6 6. Nc3 Qc7 7. a3 Nc6 8. Be3 Be7 9. Rc1 0-0 10. Be2 d6 11. 0-0 Bd7 12. f3 Ne5 13. b4 b6 14. f4 Ng6 15. Kh1 Rac8 16. Qe1 Qb7 17. Bf3 Qb8 18. Nb3 Rxc4 19. Be2 Rc7 20. Bxa6 Qa7 21. Nb5 Bxb5 22. Bxb5 Rxc1 23. Bxc1 Rc8 24. Nd4 Qb7 25. f5 exf5 26. exf5 Ne5 27. Qe2 Qe4 28. Bb2 Qxe2 29. Bxe2 Nd5 30. Ba6 Rc7 31. Rc1 Rxc1+ 32. Bxc1 Kf8 33. Bb7 Nc7 34. a4 d5 35. Bf4 Bd6 36. Nc6 f6 37. Be3 Nc4 38. Bf2 Ke8 39. a5 bxa5 40. bxa5 Kd7 41. Nb8+ Kd8 42. a6 Nb5 43. a7 Nxa7 44. Bxa7 Bxb8 45. Bxb8 d4 46. Ba6 Nb2 47. Kg1 Nd1 48. Ba7 Ne3 49. Bd3 Ke7 50. Bxd4 Nd5 51. Bc4 Nc7 52. Bc5+ Ke8 53. Bb6 Kd7 54. Kf2 Kc6 55. Bxc7 Kxc7 56. Ke3 Kd6 57. Kd4 g5 58. g4 Kc6 59. Be2 Kd6 60. Bb5 1-0

[Event "Izmir op 10th"]
[Site "Izmir"]
[Date "2011.09.06"]
[Round "7"]
[White "Eren, Alper"]
[Black "Valansi, Avram Alber"]
[Result "1/2-1/2"]
[WhiteElo "1988"]
[BlackElo "2122"]
[PlyCount "37"]
[EventDate "2011.09.01"]
[EventType "swiss"]
[EventRounds "9"]
[EventCountry "TUR"]
[SourceTitle "CBM 144 Extra"]
[Source "ChessBase"]
[SourceDate "2011.10.28"]
[SourceVersion "1"]
[SourceVersionDate "2011.10.28"]
[SourceQuality "1"]

1. e4 c5 2. Nf3 e6 3. d4 cxd4 4. Nxd4 a6 5. Nc3 b5 6. a3 Bb7 7. Be2 b4 8. axb4 Bxb4 9. 0-0 Qc7 10. Bd2 Bxc3 11. Bxc3 Nf6 12. Bb4 Bxe4 13. Bf3 Qb7 14. Bxe4 Nxe4 15. c3 Nc6 16. Nxc6 Qxc6 17. Qg4 Nf6 18. Qe2 Ne4 19. Qd1 1/2-1/2

[Event "Izmir op 10th"]
[Site "Izmir"]
[Date "2011.09.03"]
[Round "4"]
[White "Morchiashvili, Bachana"]
[Black "Eren, Alper"]
[Result "1-0"]
[WhiteElo "2364"]
[BlackElo "1988"]
[PlyCount "66"]
[EventDate "2011.09.01"]
[EventType "swiss"]
[EventRounds "9"]
[EventCountry "TUR"]
[SourceTitle "CBM 144 Extra"]
[Source "ChessBase"]
[SourceDate "2011.10.28"]
[SourceVersion "1"]
[SourceVersionDate "2011.10.28"]
[SourceQuality "1"]

1. d4 Nf6 2. c4 g6 3. Nc3 Bg7 4. Nf3 d6 5. g3 0-0 6. Bg2 c6 7. 0-0 Nbd7 8. e4 e5 9. Re1 Qe7 10. h3 a6 11. b3 Re8 12. Ba3 exd4 13. e5 Nh5 14. Bxd6 Qd8 15. Qxd4 Nf8 16. Rad1 Ne6 17. Qe3 Bd7 18. Bb4 Bf8 19. Bxf8 Nxf8 20. Ne4 f5 21. Nd6 Re7 22. Nxb7 Qc7 23. Nc5 Rae8 24. Nxa6 Qc8 25. Qb6 Ne6 26. Nc5 Nhg7 27. Nxd7 Rxd7 28. Nd4 Red8 29. Bd5 Rxd5 30. cxd5 Nxd4 31. Rxd4 cxd5 32. e6 f4 33. Rxf4 Qc3 1-0